| 000 | 00000nam##2200000za#4500 |
| 001 | 9.633698 |
| 003 | CaOODSP |
| 005 | 20210624215442 |
| 007 | cr ||||||||||| |
| 008 | 150407|2007||||xxc|||||o f|0| 0 fre|d |
| 020 | |a978-0-662-73477-2 |
| 040 | |aCaOODSP|bfre |
| 043 | |an-cn--- |
| 086 | 1 |aR2-458/2007F-PDF |
| 110 | 1 |aCanada.|bAffaires indiennes et du Nord. |
| 245 | 13|aLa Loi sur la gestion des ressources de la vallée du Mackenzie : |h[ressource électronique]|bguide du citoyen |
| 260 | |aOttawa - Ontario : |bAffaires indiennes et du Nord |c2007. |
| 300 | |a17p.|bphotographies |
| 500 | |aLe n° de catalogue (R2-458/2007F) et l'ISBN (978-0-662-73476-5) de l'édition imprimée ont été incorrectement copiés dans la version électronique. |
| 590 | |a13-13-Supp|b2013-05-21 |
| 691 | 07|aGestion des ressources|2gcpds |
| 775 | 08|tThe Mackenzie Valley Resource Management Act : |w(CaOODSP)9.689280 |
| 856 | 40|ahttp://publications.gc.ca|qPDF|s5.13 Mo|uhttps://publications.gc.ca/collections/collection_2013/aadnc-aandc/R2-458-2007-fra.pdf |
| 986 | |aQS-Y161-010-FF-A1 |